Southville International School and Colleges
Your cart is empty.
  • Cart
  • Lists
    Public lists Eva Luna New books Lux_list list_1
    Your lists Log in to create your own lists
  • Log in to your account
  • Your cookies
  • Search history
Southville International School and Colleges
  • Advanced search
  • Recent comments
  • Most popular
  • Libraries

Log in to your account

Log in with GOOGLE


If you do not have an external account, but do have a local account, you can still log in:

  1. Home
  2. MARC view: English plus:
Normal view MARC view ISBD view

English plus: (Record no. 283267)

[ view plain ]
MARC details
000 -LEADER
fixed length control field 00688nam a2200181Ia 4500
008 - FIXED-LENGTH DATA ELEMENTS--GENERAL INFORMATION
fixed length control field 150223s9999 xx 000 0 und d
020 ## - INTERNATIONAL STANDARD BOOK NUMBER
International Standard Book Number 9710867784
050 ## - LIBRARY OF CONGRESS CALL NUMBER
Classification number PE 1112
Item number .J86 2007
100 ## - MAIN ENTRY--PERSONAL NAME
Personal name Joven, Jose R.
245 ## - TITLE STATEMENT
Title English plus:
Remainder of title for asian students /
Statement of responsibility, etc Jose R. Joven.
260 ## - PUBLICATION, DISTRIBUTION, ETC. (IMPRINT)
Place of publication, distribution, etc Mandaluyong City:
Name of publisher, distributor, etc National Bookstore ,
Date of publication, distribution, etc 2007
300 ## - PHYSICAL DESCRIPTION
Extent 207 pages :
Other physical details Illustration;
Dimensions 22 cm.
504 ## - BIBLIOGRAPHY, ETC. NOTE
Bibliography, etc Includes bibliographical references.
520 ## - SUMMARY, ETC.
Summary, etc common phrase in englsh
650 ## - SUBJECT ADDED ENTRY--TOPICAL TERM
Topical term or geographic name as entry element A glimpse at basic grammar and syntax
General subdivision Learning competencies.
650 ## - SUBJECT ADDED ENTRY--TOPICAL TERM
Topical term or geographic name as entry element Language function
General subdivision Learning competencies.
650 ## - SUBJECT ADDED ENTRY--TOPICAL TERM
Topical term or geographic name as entry element Vocabulary building
Topical term following geographic name as entry element Importance of building vocabularies.

No items available.

English plus:

APA

Joven J. R., . (2007). English plus. Mandaluyong City: National Bookstore.

Chicago

Joven Jose R, . 2007. English plus. Mandaluyong City: National Bookstore.

Harvard

Joven J. R., . (2007). English plus. Mandaluyong City: National Bookstore.

MLA

Joven Jose R, . English plus. Mandaluyong City: National Bookstore. 2007.

  • Print
  • Cite
  • Add to your cart (remove)
  • Save record
    BIBTEX Dublin Core MARCXML MARC (non-Unicode/MARC-8) MARC (Unicode/UTF-8) MARC (Unicode/UTF-8, Standard) MODS (XML) RIS
  • More searches
    Search for this title in:
    Other Libraries (WorldCat) Other Databases (Google Scholar) Online Stores (Bookfinder.com) Open Library (openlibrary.org)

Exporting to Dublin Core...

SOUTHVILLE LIBRARY

Southville International School and Colleges Library

1281 Tropical Ave. Cor. Luxembourg St., BF Homes International, Las Pinas City

Tel. No. 8256374 / 252358 Loc. 117/146

Powered by Koha